00470nam a2200133 a 450000100100000000500170001000800410002702000150006804000250008308200140010824501000012226000930022230000210031500004763520201002060641.0180706s2003 dr 000 spa d a9993495700 aDO-SdBNPbspacBNPHU axxxbG943 0aGuía de criterios e indicadores para evaluación de Instituciones de Educación Superior... aSanto Domingo :bAsociación Dominicana para el Autoestudio y la Acreditación,c2003. a154 p. ;c25 cm.